Effect of some sulphanilyl derivatives as antioxidants in natural rubber (Record no. 58146)

MARC details
000 -LEADER
fixed length control field 00512nam a2200157Ia 4500
100 ## - MAIN ENTRY--AUTHOR NAME
Personal name Abdel-Bary E M
245 #0 - TITLE STATEMENT
Title Effect of some sulphanilyl derivatives as antioxidants in natural rubber
260 ## - PUBLICATION, DISTRIBUTION, ETC. (IMPRINT)
Name of publisher Rubbercon 87: Proceedings of the International Rubber Conference, U.K, 1987, Group A, p10A. 1-10
650 ## - SUBJECT ADDED ENTRY--TOPICAL TERM
Topical Term Antioxidants
650 ## - SUBJECT ADDED ENTRY--TOPICAL TERM
Topical Term Natural rubber
650 ## - SUBJECT ADDED ENTRY--TOPICAL TERM
Topical Term Sulphanilyl derivatives
700 ## - ADDED ENTRY--PERSONAL NAME
Personal name Makar S M
700 ## - ADDED ENTRY--PERSONAL NAME
Personal name Mousa A N
942 ## - ADDED ENTRY ELEMENTS (KOHA)
Koha item type Journals
Holdings
Withdrawn status Lost status Damaged status Not for loan Home library Current library Shelving location Date acquired Koha item type
      Journals RRII Library RRII Library Rubber chemistry 17/12/2021 Journals